000 00447cam a22001691 4500
001 unk82020174
003 DLC
005 20260227112759.0
008 820717s1923 xx 000 0 eng
010 _aunk82020174
040 _aDLC
_cCarP
_dDLC
050 0 0 _aRG960
_b.A4 1922a
100 1 _aAbbott, Grace,
_d1878-1939.
245 0 0 _aFederal aid for the protection of maternity and infancy ...
260 _a[n. p.,
_c1923]
300 _a1 v.
_bcm.
999 _c91366
_d91366